UITU Library & LRC     

Multi Microcontroller Development Board (Record no. 32759)

MARC details
000 -LEADER
fixed length control field 00605nam a2200145Ia 4500
008 - FIXED-LENGTH DATA ELEMENTS--GENERAL INFORMATION
fixed length control field 260210s9999 xx 000 0 und d
024 ## - OTHER STANDARD IDENTIFIER
Standard number or code 10B-027-CE, 10B-012-CE, 10B-016-CE & 10B-015-CE
082 ## - DEWEY DECIMAL CLASSIFICATION NUMBER
Classification number 629.895072 KHA
100 ## - MAIN ENTRY--PERSONAL NAME
Personal name Muhammad Humza Khan, Tahira Reem Yaseen, Khadija Iqbal & Badar Anwar
245 #0 - TITLE STATEMENT
Title Multi Microcontroller Development Board
260 ## - PUBLICATION, DISTRIBUTION, ETC.
Place of publication, distribution, etc. Karachi:
Name of publisher, distributor, etc. UITU,
Date of publication, distribution, etc. 2010
600 ## - SUBJECT ADDED ENTRY--PERSONAL NAME
Personal name Computer System Engineering
650 ## - SUBJECT ADDED ENTRY--TOPICAL TERM
Topical term or geographic name entry element Bachelor of Engineering (BE)
856 ## - ELECTRONIC LOCATION AND ACCESS
Uniform Resource Identifier <a href="https://drive.google.com/file/d/1MeFPJ09eWpLohHOGBtD1gaJUirnG3-Dr/view?usp=share_link">https://drive.google.com/file/d/1MeFPJ09eWpLohHOGBtD1gaJUirnG3-Dr/view?usp=share_link</a>
Link text Click here for PDF

No items available.

Powered by Koha